0611-能代市(秋田県)の駅 - Statistics

General Stats
  • This quiz has been taken 3 times
  • The average score is 3 of 8
Answer Stats
Answer % Correct
能代
100%
北能代
100%
東能代
67%
二ツ井
33%
向能代
33%
鶴形
0%
富根
0%
鳥形
0%
No matching quizzes found
Score Distribution
Percent of People with Each Score
Percentile by Number Answered
Your Score History
You have not taken this quiz